000 00420nam a2200145 i 4500
001 bg
100 1 _aHELLMANN, Włodzimierz
245 0 _aRegulacja częstotliwości i napięcia w systemie elektroenrgetycznym /
_cWłodzimierz Hellmann, Zbigniew Szczerba.
260 _aWarszawa,
_c1978.
700 1 _aSZCZERBA, Zbigniew
040 _cBPK
041 _apol
942 _cKS
008 s pl f |000 0 pol
999 _c18057
_d18057
856 _uhttp://koha.tu.koszalin.pl/cgi-bin/koha/opac-detail.pl?biblionumber=18057
_yKatalog online BPK